000 01090cam a2200301 i 4500
001 41991
003 Mx-PuUPA
005 20240213124604.0
008 140415s1980 txu gr 000 0 eng d
040 _cMx-PuUPA
_aMx-PuUPA
_bspa
_dMx-PuUPA
_erda
041 0 _aeng
100 1 _aElizondo, Virgilio P.,
_d1935-2016
_915102
_eautor
245 1 3 _aLa morenita :
_bevangelizer of the Americas /
_cVirgil Elizondo ; foreword, Most Rev. Patrick F. Flores
250 _aFirst editon /
_bmay
264 2 _aSan Antonio, Texas :
_bMACC Distribution Center,
_c1980
300 _a150 páginas :
_bilustraciones ;
_c21 cm
336 _2rdacontent
_atexto
_btxt
337 _2rdamedia
_asin medio
_bn
338 _2rdacarrier
_avolumen
_bnc
600 0 4 _aVirgen María
_xApariciones y milagros
600 0 4 _aNuestra Señora de Guadalupe
_xApariciones y milagros
650 7 _2armarc
_aIndígenas de México
_xMisiones
_xHistoria
700 1 _aFlores, Patrick F.,
_eprologuista
942 _2ddc
_cLI
_h232.917
_iE42
999 _c41991
_d41991